عرض عادي
عرض مارك
- Theology, Doctrinal
دخول Topical Term
001 - CONTROL NUMBER
- control field: 17252
003 - CONTROL NUMBER IDENTIFIER
- control field: AE-AdECS
005 - DATE AND TIME OF LATEST TRANSACTION
- control field: 20250618085124.0
008 - FIXED-LENGTH DATA ELEMENTS
- fixed length control field: 250618|| aca||aabn | a|a d
040 ## - CATALOGING SOURCE
- Original cataloging agency: AE-AdECS
- Transcribing agency: AE-AdECS
150 ## - HEADING--TOPICAL TERM
- Topical term or geographic name entry element: Theology, Doctrinal
- Geographic subdivision: Germany
670 ## - SOURCE DATA FOUND
- Source citation: Work cat.: (AE-AdECS)28867: Pfleiderer, Otto, 1839-1908. 17251, The development of theology in Germany since Kant :
